000 01051nam a2200205 i 4500
001 45785
003 ES-MaACL
005 20251012063042.0
007 t|
008 030326s1892 sp ||||1| spa d
100 1 _aConde y Luque, Rafael,
_d1835-1922
_940134
245 1 0 _aMemoria elevada al Excmo. Sr. ministro de Gracia y Justicia en la solemne apertura de los tribunales el día 15 de septiembre de 1892 /
_cpor el fiscal del Tribunal Supremo Don Rafael Conde y Luque.
246 3 _iTít. de anteport.:
_aEstado de la administración de justicia y reformas que se juzgan convenientes
260 _aMadrid :
_bImp. G.G. Rodríguez,
_c1892 (
_fImp. de Enrique Rojas y Cía.)
300 _a123 p., [1] h. pleg. ;
_c26 cm.
505 8 _aContiene: Análisis de los trabajos de los juzgados y tribunales en el año de 1891 ; Los juzgadores ; Del juicio ; Administración de justicia en ultramar ; Circulares ; Consultas
650 4 _aAdministración de justicia-
_zEspaña.
_99621
852 _aES-MaACL
_jT-661-F-2
999 _c45785
_d45785